| 000 | 00914nam a2200265Ia 4500 | ||
|---|---|---|---|
| 003 | OSt | ||
| 005 | 20221005105431.0 | ||
| 006 | a|||||r|||| 00| 0 | ||
| 007 | ta | ||
| 008 | 221004b |||||||| |||| 00| 0 san d | ||
| 020 |
_a9789381615171 (hbk) _c495 |
||
| 024 | _a17566 | ||
| 037 |
_b276, 09/03/2015, Eastern Book Linkers _cTextual |
||
| 040 |
_aCRL _cCRL _bsan |
||
| 041 |
_2san _asan |
||
| 082 | _aQ31:41x3,13, 152Q3 | ||
| 100 | _aसूरी, हरिभद्र | ||
| 245 | 0 | _aविंशतिविंशिका | |
| 246 | _aVianshativianshikā | ||
| 260 |
_aनई दिल्ली _bप्रगतिशील प्रकाशन भारत _c2013 |
||
| 300 |
_a149पृ0 _ccm. |
||
| 650 | _aधर्म | ||
| 942 |
_hQ31:41x3,13, 152Q3 _cTEXL _2cc |
||
| 999 |
_c1015797 _d1015797 |
||